Krajevaja zadača Rimana s beskonečnym indeksom /

Enregistré dans:
Détails bibliographiques
Auteur principal: Govorov, N.V (Auteur)
Format: Livre
Langue:russe
Publié: Moskva : Nauka, 1986
Sujets:
Tags: Ajouter un tag
Pas de tags, Soyez le premier à ajouter un tag!

MARC

LEADER 00000nam a22000003a 4500
001 stu36525
005 20150617225727.3
008 920610s1986----xxr-----------------rus-d
040 |a STU  |b slo 
041 0 |a rus 
044 |a xxr 
080 |a 517.53 
100 1 |a Govorov, N.V  |4 aut 
245 1 |a Krajevaja zadača Rimana s beskonečnym indeksom /  |c [aut.]N.V. Govorov 
260 |a Moskva :  |b Nauka,  |c 1986 
300 |a 238 s 
650 7 |a teória funkcií  |2 stusub 
996 |b 284M061956  |c M*1171-1  |l MMKN  |s A  |a 24  |w stu36525_0002